Systems and project Management (ISPM-Paper 10) : (Record no. 100511)

MARC details
000 -LEADER
fixed length control field 00691nam a2200205 a 4500
008 - FIXED-LENGTH DATA ELEMENTS--GENERAL INFORMATION
fixed length control field
049 ## - LOCAL HOLDINGS (OCLC)
Holding library MAIN
090 5# - LOCALLY ASSIGNED LC-TYPE CALL NUMBER (OCLC); LOCAL CALL NUMBER (RLIN)
Classification number (OCLC) (R) ; Classification number, CALL (RLIN) (NR) REF. HD69.P75 SYS
003 - CONTROL NUMBER IDENTIFIER
control field
005 - DATE AND TIME OF LATEST TRANSACTION
control field 20230120191413.0
040 ## - CATALOGING SOURCE
Transcribing agency NUST
245 14 - TITLE STATEMENT
Title Systems and project Management (ISPM-Paper 10) :
Remainder of title May 2001 Examinations Intermediate level
260 ## - PUBLICATION, DISTRIBUTION, ETC.
Place of publication, distribution, etc. United Kingdom:
Name of publisher, distributor, etc. CIMA,
Date of publication, distribution, etc. 2001
300 ## - PHYSICAL DESCRIPTION
Extent 22 p. :
Other physical details ill. ;
Dimensions 29 cm.
505 0# - FORMATTED CONTENTS NOTE
Formatted contents note Question Paper
-- examiner's guide
-- examiner's answers
650 #0 - SUBJECT ADDED ENTRY--TOPICAL TERM
Topical term or geographic name entry element Project management.
710 2# - ADDED ENTRY--CORPORATE NAME
Corporate name or jurisdiction name as entry element The Chartered Institute of Management Accountants
907 ## - LOCAL DATA ELEMENT G, LDG (RLIN)
a .b10154255
b 24-02-05
c 24-02-05
942 ## - ADDED ENTRY ELEMENTS (KOHA)
Koha item type Ordinary Loan Books
Call number prefix REF. HD69.P75 SYS
Holdings
Date last seen Total Checkouts Full call number Barcode Cost, replacement price Price effective from Koha item type Lost status Source of classification or shelving scheme Damaged status Not for loan Collection Withdrawn status Home library Current library Shelving location Date acquired Cost, normal purchase price
01/20/2023   REF. HD69.P75 SYS 92003034766 80.00 01/20/2023 REF   LCC     NFIC   MAIN MAIN GEN 01/20/2023 80.00